Droit de réponse (notice n° 1596067)
[ vue normale ]
| 000 -LEADER | |
|---|---|
| fixed length control field | 01789cam a2200169 4500500 |
| 005 - DATE AND TIME OF LATEST TRANSACTION | |
| control field | 20251228073819.0 |
| 041 ## - LANGUAGE CODE | |
| Language code of text/sound track or separate title | fre |
| 042 ## - AUTHENTICATION CODE | |
| Authentication code | dc |
| 100 10 - MAIN ENTRY--PERSONAL NAME | |
| Personal name | Holtzmann, Bernard |
| Relator term | author |
| 245 00 - TITLE STATEMENT | |
| Title | Droit de réponse |
| 260 ## - PUBLICATION, DISTRIBUTION, ETC. | |
| Date of publication, distribution, etc. | 2012.<br/> |
| 500 ## - GENERAL NOTE | |
| General note | 42 |
| 520 ## - SUMMARY, ETC. | |
| Summary, etc. | RésuméAu‑delà des sources anciennes, les arguments régulièrement avancés en faveur d’une dorure des marbres du Parthénon tiennent aux récits des voyageurs de la fin du xviiie et du début du xixe s. Les noms le plus souvent évoqués à ce sujet sont ceux de Haygarth, Dodwell, Clarke, Brøndsted, Cockerell, Fauvel et Millin. L’auteur soumet leurs témoignages et ceux de quelques autres voyageurs à une critique rigoureuse pour en vérifier la nature exacte. Il apparaît ainsi que, bien que les remarques des premiers voyageurs aient contribué à forger les avis sur l’emploi de la polychromie et de la dorure dans l’Antiquité, elles ne reposent pas toujours sur des observations de première main. |
| 520 ## - SUMMARY, ETC. | |
| Summary, etc. | Besides ancient sources, the arguments used by scholars to support the idea of a gilt Parthenon are mainly based on 18th and early 19th century travellers’ accounts. The most quoted names are those of Haygarth, Dodwell, Clarke, Brøndsted, Cockerell, Fauvel and Millin. To verify the exact nature of these accounts and a few others, the author submits them to a strict analysis. It appears that, even though the descriptions of the first travellers have contributed to build up opinions on the use of polychromy and gilding in Antiquity, they are not always based on first‑hand observation. |
| 786 0# - DATA SOURCE ENTRY | |
| Note | Revue archéologique | 53 | 1 | 2012-08-01 | p. 62-62 | 0035-0737 |
| 856 41 - ELECTRONIC LOCATION AND ACCESS | |
| Uniform Resource Identifier | <a href="https://shs.cairn.info/revue-archeologique-2012-1-page-62?lang=fr&redirect-ssocas=7080">https://shs.cairn.info/revue-archeologique-2012-1-page-62?lang=fr&redirect-ssocas=7080</a> |
Pas d'exemplaire disponible.




Réseaux sociaux